NUMERICAL COMPUTATIONAL METHODS (Record no. 24428)
[ view plain ]
| 000 -LEADER | |
|---|---|
| fixed length control field | 00505nam a22001577a 4500 |
| 003 - CONTROL NUMBER IDENTIFIER | |
| control field | NUST |
| 005 - DATE AND TIME OF LATEST TRANSACTION | |
| control field | 20170614085610.0 |
| 008 - FIXED-LENGTH DATA ELEMENTS--GENERAL INFORMATION | |
| fixed length control field | 170519b xxu||||| |||| 00| 0 eng d |
| 020 ## - INTERNATIONAL STANDARD BOOK NUMBER | |
| International Standard Book Number | 8173194343 |
| Terms of availability | Available |
| 040 ## - CATALOGING SOURCE | |
| Original cataloging agency | DLC |
| Language of cataloging | DLC |
| Transcribing agency | RCMS |
| 050 ## - LIBRARY OF CONGRESS CALL NUMBER | |
| Classification number | 518.02462 VER |
| 082 ## - DEWEY DECIMAL CLASSIFICATION NUMBER | |
| Classification number | 518.02462 VER |
| 100 ## - MAIN ENTRY--PERSONAL NAME | |
| Personal name | P.B PATIL ,U.P. Verma |
| 9 (RLIN) | 1220 |
| 245 ## - TITLE STATEMENT | |
| Title | NUMERICAL COMPUTATIONAL METHODS |
| Statement of responsibility, etc. | PATIL P.B |
| 260 ## - PUBLICATION, DISTRIBUTION, ETC. | |
| Place of publication, distribution, etc. | NEW DELHI |
| Name of publisher, distributor, etc. | NAROSA |
| Date of publication, distribution, etc. | c.2006 |
| 300 ## - PHYSICAL DESCRIPTION | |
| Extent | XIII,669 p: |
| Other physical details | ill: |
| Dimensions | 30,cm. |
| 538 ## - SYSTEM DETAILS NOTE | |
| Display text | Shelf # 1, Row # 6, System Engineering. |
| 650 ## - SUBJECT ADDED ENTRY--TOPICAL TERM | |
| Topical term or geographic name entry element | NUMERICAL COMPUTATIONAL METHODS |
| 9 (RLIN) | 1221 |
| 700 ## - ADDED ENTRY--PERSONAL NAME | |
| Personal name | VERMA , U.P |
| 9 (RLIN) | 1222 |
| 856 ## - ELECTRONIC LOCATION AND ACCESS | |
| Materials specified | Table of Content Only |
| 942 ## - ADDED ENTRY ELEMENTS (KOHA) | |
| Koha item type | Book |
| Source of classification or shelving scheme | |
| Classification part | 518.02462 VER |
| Withdrawn status | Lost status | Source of classification or shelving scheme | Damaged status | Not for loan | Permanent Location | Current Location | Shelving location | Date acquired | Total Checkouts | Full call number | Barcode | Date last seen | Price effective from | Koha item type |
|---|---|---|---|---|---|---|---|---|---|---|---|---|---|---|
| School of Interdisciplinary Engineering and Sciences (SINES) | School of Interdisciplinary Engineering and Sciences (SINES) | General Stacks | 05/22/2014 | 518.02462 VER | RCMS001510 | 05/14/2018 | 05/22/2014 | Book |
